000 00386nam a2200181Ia 4500
008 240510s9999 xx 000 0 und d
041 _aEng
082 _a519.2
082 _bB41
100 _aBLACKWELL, David
245 0 _aBasic statistics
260 _bNew York , McGraw-Hill
260 _c1969
300 _a143 p.
650 _aStatistics
942 _2ddc
942 _cLBK
999 _c23579
_d23579
945 _a1
_bMadushi Gamage
_c1
_dMadushi Gamage